Elementos de álgebra linear e multilinear. Tomo I /
Guardado en:
| Autor Principal: | |
|---|---|
| Formato: | Libro |
| Idioma: | Portuguese |
| Publicado: |
[Recife?] :
Instituto de Física e Matemática, Universidade do Recife,
1959.
|
| Series: | Textos de matemática ;
no. 1 |
| Etiquetas: |
Agregar Etiqueta
Sin Etiquetas, Sea el primero en etiquetar este registro!
|
| LEADER | 00576nam a22001455a 4500 | ||
|---|---|---|---|
| 001 | MAT.inmabb000763 | ||
| 008 | 031119s1959####bl############000#0#por#d | ||
| 005 | 20170804151008.0 | ||
| 245 | 1 | 0 | |a Elementos de álgebra linear e multilinear. |n Tomo I / |c por A. Pereira Gomes. |
| 260 | |a [Recife?] : |b Instituto de Física e Matemática, Universidade do Recife, |c 1959. | ||
| 440 | 0 | |a Textos de matemática ; |v no. 1 | |
| 500 | |a Notas del curso realizado en el 2do. semestre de 1954 y el 1ro. de 1955. | ||
| 100 | 1 | |a Pereira Gomes, A. | |
| 084 | |a 15-XX |2 msc2000 | ||
| 859 | |h 15 |i P436 |p A-579 |b BIB. MATEMATICA | ||
